Statistics for Objects by Emoji #2

Click here to take the quiz!

General Stats

  • This quiz has been taken 151 times
  • The average score is 21 of 25

Answer Stats

EmojiObject% Correct
πŸ”‘Key
97%
πŸ”¦Flashlight
93%
πŸ–ŠPen
93%
βœ‚Scissors
93%
πŸ”«Pistol
92%
πŸ”¬Microscope
91%
✏Pencil
91%
πŸ•―Candle
89%
πŸ’ŠPill
89%
πŸ“Straight Ruler
89%
πŸ“ŒPushpin
86%
πŸ’³Credit Card
85%
🚬Cigarette
84%
βœ‰Envelope
84%
πŸ”­Telescope
83%
πŸ“…Calendar
81%
πŸ–Crayon
80%
πŸ“°Newspaper
80%
πŸ–ŒPaintbrush
80%
πŸ“ŽPaperclip
79%
πŸ”ŽMagnifying Glass
74%
βš–Balance Scale
72%
πŸ“‹Clipboard
72%
⚰Coffin
59%
πŸ›’Oil Drum
41%

Score Distribution

Percentile by Number Answered

Percent of People with Each Score

Your Score History

You have not taken this quiz